000
00256nam a2200097Ia 4500
001
920339
005
20250826191406.0
008
250824s9999 xx 000 0 und d
245
0
_a
KENDİNİ BİLEN RABBİNİ BİLİR
_c
UĞUR KOŞAR
260
_b
DESTEK YAYINLARI
999
_c
920339
_d
920339